| 000 | 00501nam a2200169 a 4500 | ||
|---|---|---|---|
| 001 | 3381 | ||
| 005 | 20140414131848.0 | ||
| 008 | 040601s19uu xx 00 eng d | ||
| 020 | _a0-86112-744-7 | ||
| 050 |
_aER _bEl2 1991 |
||
| 245 |
_aThe Elephant's find and say / _cillustrated by Lesley Blackman; edited and compiled Deborah Campbell. |
||
| 260 |
_aEngland : _bBrimax Books, _c1991. |
||
| 300 | _a[40] p. : ill. ; cm. | ||
| 650 | _aPicture book of words. | ||
| 999 |
_c110060 _d110060 |
||